00292 a2200133 4500001000700000020002200007040001100029100003100040240003400071245002900105300000700134362000900141440000800150191986 a978-85-7153-261-8 cMagnum aQueiros, Bartolomeu Campos10aMais com mais dá menoslpor10aMais com mais dá menos a320 a2011 1aRHJ